[Event "San Sebastian op 34th"]
[Site "San Sebastian"]
[Date "2011.04.17"]
[Round "2"]
[White "Cendagortagalarza Rodrigu, Jose Luis"]
[Black "Suarez Garcia, Carlos"]
[Result "0-1"]
[WhiteElo "1696"]
[BlackElo "2177"]
[PlyCount "66"]
[EventDate "2011.04.16"]
[EventType "swiss"]
[EventRounds "9"]
[EventCountry "ESP"]
[SourceTitle "CBM 141 Extra"]
[Source "ChessBase"]
[SourceDate "2011.05.03"]
[SourceVersion "1"]
[SourceVersionDate "2011.05.03"]
[SourceQuality "1"]

1. e4 c5 2. Nf3 e6 3. d4 cxd4 4. Nxd4 Nc6 5. Be3 Qc7 6. Nb3 Nf6 7. Bd3 Be7 8. f4 d6 9. Nc3 a6 10. a4 b6 11. Qe2 Bb7 12. g4 Nd7 13. h4 Nc5 14. Nd2 Nb4 15. Nf3 Bf6 16. Ra3 Qd7 17. Bxc5 dxc5 18. g5 Be7 19. 0-0 Nxd3 20. cxd3 c4 21. d4 Bxa3 22. bxa3 0-0 23. Rd1 Qd6 24. h5 Qxf4 25. Rf1 Qg4+ 26. Kf2 Qxh5 27. Qe3 f6 28. g6 hxg6 29. Ne2 g5 30. Ng3 Qg6 31. d5 exd5 32. Qxb6 dxe4 33. Ne5 fxe5+ 0-1

[Event "San Sebastian op 33rd"]
[Site "San Sebastian"]
[Date "2010.03.31"]
[Round "4"]
[White "Cendagortagalarza Rodrigu, Jose Luis"]
[Black "Irulegi Garmendia, Jose Antonio"]
[Result "1-0"]
[WhiteElo "1685"]
[BlackElo "1503"]
[PlyCount "78"]
[EventDate "2010.03.28"]
[EventType "swiss"]
[EventRounds "9"]
[EventCountry "ESP"]
[SourceTitle "CBM 135 Extra"]
[Source "ChessBase"]
[SourceDate "2010.05.04"]
[SourceVersion "1"]
[SourceVersionDate "2010.05.04"]
[SourceQuality "1"]

1. e4 e5 2. d4 exd4 3. Qxd4 Nc6 4. Qe3 Bb4+ 5. Nc3 Bxc3+ 6. Qxc3 Qe7 7. Qxg7 Qxe4+ 8. Ne2 Qe5 9. Qxe5+ Nxe5 10. Bd2 d6 11. Bc3 f6 12. h3 Bd7 13. 0-0-0 0-0-0 14. Nd4 Rf8 15. f4 Nc6 16. Nf3 Nge7 17. g4 h6 18. Bc4 Rh7 19. Rhg1 a6 20. a3 h5 21. Bd3 Rh6 22. Rg3 hxg4 23. hxg4 Nd5 24. Bd2 b5 25. Rdg1 Rfh8 26. g5 fxg5 27. fxg5 Rh1 28. g6 Rxg1+ 29. Rxg1 Ne5 30. Nxe5 dxe5 31. g7 Rg8 32. Bh7 Be6 33. Bxg8 Bxg8 34. Bg5 Kd7 35. Rf1 e4 36. Rf8 Bh7 37. g8Q Bxg8 38. Rxg8 e3 39. Rd8+ Ke6 1-0

[Event "Euskadi-ch"]
[Site "Zornotza"]
[Date "2007.04.14"]
[Round "5"]
[White "Diez Fraile, David"]
[Black "Cendagortagalarza Rodrigu, Jose Luis"]
[Result "1-0"]
[WhiteElo "2131"]
[BlackElo "1816"]
[PlyCount "41"]
[EventDate "2007.04.10"]
[EventType "swiss"]
[EventRounds "7"]
[EventCountry "ESP"]
[SourceTitle "EXT 2008"]
[Source "ChessBase"]
[SourceDate "2007.11.25"]
[SourceVersion "1"]
[SourceVersionDate "2007.11.25"]
[SourceQuality "1"]

1. e4 c5 2. Nf3 d6 3. d4 cxd4 4. Nxd4 Nf6 5. Nc3 g6 6. f4 Nfd7 7. Be3 Bg7 8. Be2 0-0 9. 0-0 Nc6 10. Nb3 Nb6 11. Rb1 Bxc3 12. bxc3 d5 13. e5 Nc4 14. Bf2 b6 15. Nd4 N6a5 16. Qc1 f5 17. exf6 exf6 18. Bf3 Qd6 19. Re1 Bd7 20. Nb5 Qc6 21. Qd1 1-0